000 00415nam a2200145Ia 4500
008 210210b1998 xxu||||| |||| 00| 0 eng d
082 _a820.09 DEVO
100 _aDEVY (G N).
245 _a'Of many heroes'; an indian essay in literary historiography.
260 _aHyderabad
_bOrient Longman
_c1998
300 _a213
650 _aLiterary Historiography
690 _aIndian English Criticism
906 _a058891
999 _c106139
_d106139